000
00196nam a2200085Ia 4500
008
180219s9999 xx 000 0 und d
100
_a
Reddy Jayprakash
245
0
_a
Methods Of Teaching
260
_a
"Aph
260
_c
New Delhi"
999
_c
41400
_d
41400